000 00873nam a2200253Ia 4500
003 OSt
005 20220923224245.0
006 a|||||r|||| 00| 0
007 ta
008 220922b |||||||| |||| 00| 0 hin d
024 _a230,098
037 _cTextual
040 _aARTS
_cARTS
_bhin
041 _2hin
_ahin
082 _aT2:(Y), 152P3-;1
100 _aभादू, राजाराम
245 0 _aशिक्षा के सामाजिक सरोकार
246 _aShikṣhā ke sāmājik sarokāra
260 _aपंचकूला
_b आधार प्रकाशन
_c2003
300 _a136पृ.
_ccm.
490 _aशैक्षिक चिन्तन एंव संवाद श्रृंखला
942 _hT2:(Y), 152P3-;1
_cTEXL
_2CC
999 _c370242
_d370242